01420nam a2200253 a 4500001001000000003000900010005001700019008004100036040002500077082002200102111013400124245001300258260007700271300002100348500010200369505036600471650007300837650004900910650004900959650001601008651003201024700003201056710007801088000000676DO-SdBNP20260305073956.0090422s2000 dr 000 0 spa d aDO-SdBNPbspacBNPHU 4a327.06bC969m2222 aCumbre de Jefes de Estado y de Gobierno de los Países de África, Caribe y Pacíficon(2a. :d1999 :cRepública Dominicana)10aMemoria. aSanto Domingo :bSecretaría de Estado de Relaciones Exteriores,c2000. a226 p. ;c23 cm. aIncluye información general sobre los países miembros del Grupo África, Caribe, Pacífico.2 tMensaje de bienvenida.tPresidente de la República Dominicana /rDr. Leonel FernándeztPresentación.tSecretario de Estado de Relaciones Exteriores /rDr. Eduardo LatorretPalabras del Dr. Eduardo Latorre. Secretario de Estado de Relaciones Exteriores --t¿Qué es la Secretaría General de los países de África, Caribe y Pacífico (Grupo ACP)? -- 4aIntegración económica internacionalvEnsayos, conferencias, etc. 4aJefes de estadovEnsayos, conferencias, etc. 4aGlobalizaciónvEnsayos, conferencias, etc. 4aPresidentes vEnsayos, conferencias, etc.1 aFernández, Leonel,d1953-1 aRepública Dominicana.bSecretaría de Estado de Relaciones Exteriores.